4-Letter Countries - Statistics

General Stats
  • This quiz has been taken 278 times
  • The average score is 8 of 10
Answer Stats
4-letter country % Correct
Peru
92%
Togo
88%
Oman
86%
Fiji
84%
Chad
82%
Iran
82%
Iraq
82%
Mali
81%
Laos
79%
Cuba
74%
No matching quizzes found
Score Distribution
Percent of People with Each Score
Percentile by Number Answered
Your Score History
You have not taken this quiz